000 00709nam a22002297a 4500
003 UA-OsUOA
001 56051
007 ta
008 20080930b un ||||| |||| 00| 0 ukr d
100 _aМасна О.І.
700 _aПарфенюк Є.І.
090 _a330
_bМ31
942 _cSA
040 _aUA-OsUOA
_bukr
_cUA-OsUOA
_dUA-OsUOA
245 _aОсобливості розвитку малого підприємництва в економіці Великобританії
300 _aС.114-120
955 _a0
041 _aukr
080 _a330
773 0 _w56045
_tРегіональна економіка
_dЛьвів
_d2008
_g2
650 7 _a330 Економіка взагалі
_2UDC
999 _c342357
_d342357